| 000 | 00605cam a22002171 4500 | ||
|---|---|---|---|
| 001 | 2168546 | ||
| 005 | 20180301065344.0 | ||
| 008 | 730522s1966 nyuac b 000 0 eng | ||
| 010 | _a 65021571 | ||
| 040 |
_aDLC _cDLC _dDLC |
||
| 041 | _aeng | ||
| 080 | _a574.50723 BEN | ||
| 082 | 0 | 0 | _a574.50723 BEN |
| 100 | 1 | _a9 | |
| 101 | _aMJE | ||
| 240 | 1 | 0 | _aPrinciples of field biology and ecology |
| 245 | 1 | 0 |
_aField biology and ecology _c[by] Allen H. Benton [and] William E. Werner, Jr. |
| 504 | _aIncludes bibliographies. | ||
| 906 |
_a7 _bcbc _corignew _du _eocip _f19 _gy-gencatlg |
||
| 942 |
_2ddc _cBK |
||
| 999 |
_c43814 _d43814 |
||